| 000 | 00591nam a2200205Ia 4500 | ||
|---|---|---|---|
| 005 | 20250508150612.0 | ||
| 008 | 008 250505s9999 xx 000 0 eng d | ||
| 037 | _aTextual | ||
| 040 |
_aFEDL _beng _cFEDL |
||
| 041 |
_aeng _2eng |
||
| 084 |
_a157.9, EBA _qFEDL |
||
| 100 |
_aEbaugh Franklin G. _9757159 |
||
| 245 | 0 | _aPsychiatry in medical education | |
| 260 |
_aNew York, USA _bThe Commonwealth Fund _c1942 |
||
| 300 | _axxiv,619p. | ||
| 650 | _aAbnormal Psychology | ||
| 700 |
_a Rymer Charles A. _9757160 |
||
| 942 |
_cTEXL _h157.9, EBA |
||
| 999 |
_c1324515 _d1324515 |
||